The Organization of Information /
Gorde:
| Egile nagusia: | |
|---|---|
| Formatua: | Liburua |
| Hizkuntza: | ingelesa |
| Argitaratua: |
Westport, EUA :
Libraries Unlimited,
2004, c2004
|
| Edizioa: | 2a edición |
| Saila: | (Library and Information Science Text Series)
|
| Gaiak: | |
| Etiketak: |
Etiketarik gabe, Izan zaitez lehena erregistro honi etiketa jartzen!
|
MARC
| LEADER | 00000nam^a2200000^a^4500 | ||
|---|---|---|---|
| 001 | 000183575 | ||
| 005 | 20250521000000.0 | ||
| 009 | 20260310102044.853 | ||
| 020 | |a 1-56308-969-6 | ||
| 037 | |a Acervo ITESO - Biblioteca | ||
| 041 | |a ING | ||
| 082 | |a 025. 04 |b TAY | ||
| 100 | |a Taylor, Arlene G. |e (autor) | ||
| 245 | 1 | 3 | |a The Organization of Information / |c A.G. Taylor. |
| 250 | |a 2a edición | ||
| 264 | 4 | |a Westport, EUA : |b Libraries Unlimited, |c 2004, c2004 | |
| 300 | |a XXVII, 417 p. | ||
| 336 | |a texto |b txt |2 rdacontenido | ||
| 337 | |a sin mediación |b n |2 rdamedio | ||
| 338 | |a volumen |b nc |2 rdasoporte | ||
| 440 | 1 | |a (Library and Information Science Text Series) | |
| 649 | |a XX | ||
| 650 | |a Buscadores de Información | ||
| 650 | |a Bases de Datos | ||
| 650 | |a Internet | ||
| 650 | |a Bibliotecas - |x Clasificación | ||
| 650 | |a Archivos - |x Clasificación | ||
| 650 | |a Centros de Información - |x Clasificación | ||
| 650 | |a Documentos - |x Clasificación | ||
| 650 | |a Información - |x Clasificación | ||
| 650 | |a Información - |x Administración | ||
| 650 | |a Conocimiento - |x Administración | ||
| 650 | |a Diseño de Información | ||
| 650 | |a Indización | ||
| 650 | |a Clasificación Bibliográfica | ||
| 650 | |a Proceso de Datos | ||
| 650 | |a Proceso Electrónico de Datos | ||
| 650 | |a Sistemas de Información | ||
| 650 | |a Sistemas Computacionales | ||
| 650 | |a Ingeniería Computacional | ||
| 650 | |a Documentación | ||
| 650 | |a Biblioteconomía | ||
| 910 | |a Fondo General | ||
| 920 | |a Impresos - Libros | ||
| 930 | |a Obras de Referencia | ||
| 940 | |a Biblioteconomía | ||
| 905 | |a 102 | ||
| 901 | |a 0500123841 |b IT2 |c REF |u 20250521 | ||
| 902 | |a https://opac.biblio.iteso.mx/vufind/Record/000183575 | ||